Представление документа в формате RUSMARC

ПолеНазваниеЗначение
  Тип записи a
  Библиографический уровень m
001 Контрольный номер UONB/MAIN/4046d2eb3ab749318b981c3d4cd15f20
005 Дата корректировки 20260429163725.7
010 Индекс ISBN __
d Цена 75 к.
9 Тираж 5000 экз.
100 Данные общей обработки __
a Данные общей обработки 20260429d1979 uy0rusy0189 ca
101 Язык документа 0_
a Язык текста rus
102 Страна публикации __
a Страна публикации RU
105 Кодированные данные (монография) __
a Кодированные данные (монография) a z 000yy
200 Заглавие и сведения об ответственности 1_
a Заглавие Народные певцы и музыканты Азербайджана
f Первые сведения об ответственности Ф. М. Шушинский
g Последующие сведения об ответственности автор вступительной статьи Ф. Амиров
203 Вид содержания и тип средства __
a Вид содержания Текст
b Характеристика содержания визуальный
c Тип средства непосредственный
210 Выходные данные 1_
a Место издания Москва
c Издательство Советский композитор
d Дата издания 1979
215 Физическое описание __
a Объем 200 с.
c Иллюстрации/тип воспроизводства ил.
d Формат 20 см
606 Тематические рубрики 0_
a Основная рубрика Музыкальный фольклор, азербайджанский
606 Тематические рубрики 0_
a Основная рубрика МУГАМ (МУЗ.)
610 Ключевые слова 0_
a Ключевые слова азербайджанский музыкальный фольклор; Мугам (муз.)
686 Индексы других классификаций __
a Классификационный индекс 85.313(24)
2 Код системы rubbk
700 Автор _1
a Фамилия Шушинский
b Имя (инициалы) Ф. М.
g Полное личное имя Фиридун Мамед оглы
702 Вторичная интеллектуальная ответственность _1
a Фамилия Амиров
b Имя (инициалы) Ф.
4 Код отношения 030
801 Источник записи _0
a Страна RU
b Организация Ульяновская ОНБ
c Дата составления 20260429
g Правила каталогизации RCR
801 Источник записи _1
a Страна RU
b Организация Ульяновская ОНБ
c Дата составления 20260429
g Правила каталогизации RCR
901 Тип документа __
t Тип документа m
909 Создатель записи __
a Создатель записи Мичурина
b Дата создания записи 20260429